| 000 | 00787nam a2200229 a 4500 | ||
|---|---|---|---|
| 001 | 56349 | ||
| 003 | BD-RjUL | ||
| 005 | 20211209080402.0 | ||
| 008 | 161128s1969 ii ||||| |||| 00| 0 ben d | ||
| 020 | _c: IRs 2.50 | ||
| 035 | _a(BD-RjUL)56473 | ||
| 040 |
_aBD-RjUL _bben _cBD-RjUL |
||
| 041 | _aben | ||
| 082 |
_223 _a891.441 _bRAS 1969 |
||
| 100 |
_a রশীদ, এস, এম, এ, _9167664 |
||
| 245 | 1 | 0 |
_aস্মরণিকা / _cএস, এম, এ, রশীদ |
| 260 |
_aসিরাজগঞ্জ : _bবেগম জাহানারা রশীদ, _c১৯৬৯ [১৩৭৬] |
||
| 300 |
_a[৬০]. পৃ. ; _c২১ সেমি . |
||
| 650 |
_aবাংলা কবিতা _9167665 |
||
| 650 |
_aBengali Poetry _9167666 |
||
| 942 |
_2ddc _cBK |
||
| 999 |
_c56349 _d56349 |
||